000
00487nam a2200145Ia 4500
008
100122s9999 xx 000 0 und d
082
_b
17182
_a
610
100
_a
ऐनापुरे वासुदेव
245
_a
नित्योपयोगी औषधे
260
_b
उद्यम प्रकाशन
_c
1964
300
_a
152
630
_a
नित्योपयोगी औषधे
730
_a
नित्योपयोगी औषधे
942
_c
BOOK
999
_c
406982
_d
406979